000 00474nam a22001817a 4500
003 LK-CoDNM
005 20241224142126.0
008 241224b |||||||| |||| 00| 0 eng d
040 _aLK-CoDNM
_dLK-CoDNM
_eLK-CoDNM
041 _aeng
080 _a3
_bE23.1
100 _aChristoph Schroder
245 _aHandbuch Entomologie
_bBand ii
260 _aJena
_bVerlag Von Gustav Fischer
_c1929
300 _aviii, 1410p. : ill , 24 cm
650 _aScience
942 _cBK
999 _c234149
_d234149